000 00713nam a2200229Ia 4500
001 9000
003 GE_BSU
008 181216s||||||||xx |||||||||||||| ||und||
040 _cGE_BSU
080 _a821.353.1–1
100 _aკახიძე,მედეა
245 _aმემღერებოდეს ოღონდ
245 _bლექსები
245 _cრედ.ლ.თურმანიძე.მხატვ.მ.როდონაია
260 _aთბილისი
260 _bმერანი
260 _c1980
300 _a99გვ.16სმ.
653 _aლექსები
653 _aმემღერებოდეს ოღონდ
942 _cBK
999 _c42305
_d42305